000 01570nam0a2200361 4500
001 RU\NLR\bibl\1720237
005 20260607065805.0
010 _a978-5-91723-027-6
_9500
021 _aRU
_b2010-94380
_96357
035 _a(nilc)RSL-KNO-004835833
035 _a(NLR Aleph) 001711233
090 _a1281499
_c1281499
100 _a20101206d2010 |||y0rusy50 ca
101 0 _arus
102 _aRU
105 _aa zzzz|||||
200 1 _aКонструктор Алексеев. 1916-1980
_fВ. Карпенко
210 _aНижний Новгород
_cБИКАР
_d2010
215 _a38, [1] с., [4] л. ил., портр.
_cил., портр.
_d21
225 1 _aБиблиотека для юношества
225 1 _aИстория Нижегородского края в биографиях. XX век
320 _aБиблиогр. в конце кн.
600 1 _aАлексеев
_bР.Е.
_f1916 - 1980
_gРостислав Евгеньевич
_9945114
_3RU\NLR\auth\6631752
686 _aО4д(2)Алексеев Р.Е.-1,0
_2rubbk
686 _aО427.22д(2)Алексеев
700 1 _4070
_7ca
_8rus
_aКарпенко
_bВ. Ф.
_cписатель
_f1951-
_gВиктор Федорович
_9158862
_3RU\NLR\AUTH\770158903
702 1 _4570
_7ca
_8rus
_aАлексеев
_bР. Е.
_cд-р техн. наук
_f1916-1980
_gРостислав Евгеньевич
_9124011
_3RU\NLR\auth\7714338
801 0 _aRU
_bRuMoRKP
_c20101206
_grcr
801 1 _aRU
_bRuMoRGB
_c20101206
801 2 _aRU
_bNLR
_c20101228
_grcr
942 _cBOOK
980 _aNB
980 _aNBR